01434nam a2200385Ia 4500001000700000008004100007020001800048035001600066041001000082084001300092100002300105245008700128260010300215300002200318490002300340500002500363650003800388650004400426650003500470650004900505650002700554700004400581700004400625710004800669710010700717710001300824901000600837903000700843904000800850953003700858999001700895910000900912942001500921952011200936017543221003s2002 xx 000 0 spa d a84-8417-099-3 aCENDO_10761 aspab aCD-04588 aWIRTH, Linda93070 0aRomper el techo de cristal :blas mujeres en puestos de dirección /cLinda Wirth aMadrid :bSubdirección General de Publicaciones, Ministerio de Trabajo y Asuntos Sociales,c2002 a277 p. ;c 22 cm aInformes OIT ;v58 aBibliogr. p. 267-272 aPOTENCIACION DE LAS MUJERES97141 aDISCRIMINACION POR RAZONES DE SEXO9201 aCUALIFICACION PROFESIONAL9459 0aIGUALDAD DE OPORTUNIDADES EN EL EMPLEO91834 0aMERCADO DE TRABAJO952 aCABARCOS TRASEIRA, Marta,etrad.910746 aFERNANDEZ DAVILA, Sabela,etrad.910747 aORGANIZACION INTERNACIONAL DEL TRABAJO9383 aESPAÑAbMinisterio de Trabajo y Asuntos SocialesbSubdirección General de Publicacioneseed.91966 aOIT9384 a1 aNO a000 d2002-11-12yMONOGRAFIAoCD-04588 c10760d10760 a2002 cMONOGRAFIA 00104070aCENDObCENDOd2002-11-12l0oCD-04588pCENDO_10761r2022-10-05 00:00:00w2022-10-05yMONOGRAFIA